УРОКИ гнева и любви. Вып. 5 (Запись № 11908319)

Подробности
000 -МАРКЕР
контрольное поле 01809nam2a2200289 4500
001 - ИДЕНТИФИКАТОР ЗАПИСИ
контрольное поле RU\NLR\BIBL_A\011198737
005 - ИДЕНТИФИКАТОР ВЕРСИИ
контрольное поле 20250625214940.0
035 ## - ДРУГИЕ СИСТЕМНЫЕ НОМЕРА
Идентификатор записи (NLR Aleph) 011198737
100 ## - ДАННЫЕ ОБЩЕЙ ОБРАБОТКИ
Данные общей обработки 20160822d1993 |||y0rusy50 ca
101 0# - ЯЗЫК РЕСУРСА
Язык текста, звукозаписи и т.д. русский
102 ## - СТРАНА ПУБЛИКАЦИИ ИЛИ ПРОИЗВОДСТВА
Страна публикации Российская Федерация
105 ## - ПОЛЕ КОДИРОВАННЫХ ДАННЫХ: ТЕКСТОВЫЕ МАТЕРИАЛЫ, МОНОГРАФИЧЕСКИЕ
Кодированные данные о монографическом текстовом документе ac z 000zy
200 0# - ЗАГЛАВИЕ И СВЕДЕНИЯ ОБ ОТВЕТСТВЕННОСТИ
Основное заглавие Вып. 5
Сведения, относящиеся к заглавию посвящен репрессиям против российских немцев
Первые сведения об ответственности сост.: Т. Тигонен, В. Видерт
Последующие сведения об ответственности под. общ. ред. Т. Тигонен
210 ## - ПУБЛИКАЦИЯ, РАСПРОСТРАНЕНИЕ И ДР.
Место издания, распространения и т.д. Санкт-Петербург
Имя издателя, распространителя и т. д. [б. и.]
Дата издания, распространения и т.д. 1993
215 ## - ФИЗИЧЕСКАЯ ХАРАКТЕРИСТИКА
Специфическое обозначение материала и объем 194 с.
Другие сведения о физической характеристике ил., портр.
327 1# - ПРИМЕЧАНИЯ О СОДЕРЖАНИИ
Текст примечания Содерж.: авт.: архиепю Вологодский и Великоустюжский Михайил (Мудьюгин), Д.Зегсель, М. Давыдова, Р.Линген, В. Видерт, И. Иогансон, А. Гаккель (мл.), М. Немцов, А. Эман, В. Тигонен [и др.]
461 #0 - УРОВЕНЬ НАБОРА
Встроенное поле 001rc\348753
-- 2001#$aУРОКИ гнева и любви$eСб. работ о годах репрессий (с 20-х по 80-е)$fСост. Т. Тигонен$gХудож. С. Лапицкий$vВып. 5
Системный номер (АБИС) связанной записи 6576727
Место публикации Л.
Дата публикации 1990
Первые сведения об ответственности Сост. Т. Тигонен
Имя издателя, распространителя и т.д. Б. и.
Сведения, относящиеся к заглавию Сб. работ о годах репрессий (с 20-х по 80-е)
Заглавие УРОКИ гнева и любви
Номер тома Вып. 5
606 1# - НАИМЕНОВАНИЕ ТЕМЫ КАК ПРЕДМЕТ
Наименование темы Репрессии политические
Формальный подзаголовок Сборники
Географический подзаголовок СССР
Хронологический подзаголовок 1930 - 1950-ые гг.
Системный номер авторитетной/нормативной записи 2450076
Идентификатор авторитетной/нормативной записи RU\NLR\AUTH\661456794
606 1# - НАИМЕНОВАНИЕ ТЕМЫ КАК ПРЕДМЕТ
Наименование темы Немцы
Формальный подзаголовок Сборники
Географический подзаголовок СССР
Системный номер авторитетной/нормативной записи 2248364
Идентификатор авторитетной/нормативной записи RU\NLR\AUTH\661348769
686 1# - ИНДЕКСЫ ДРУГИХ КЛАССИФИКАЦИЙ
Индекс Т3(2)7-3я43
686 1# - ИНДЕКСЫ ДРУГИХ КЛАССИФИКАЦИЙ
Индекс Т3(29=Н)7я43
852 ## - МЕСТОНАХОЖДЕНИЕ И ШИФР ХРАНЕНИЯ
Идентификатор организации NLR
Шифр хранения (Call Number) 92-8/676
942 ## - ДОПОЛНИТЕЛЬНЫЕ ЭЛЕМЕНТЫ ЗАПИСИ (АБИС)
Тип экземпляра АБИС Книга
980 ## - КОЛЛЕКЦИЯ
Название коллекции Национальная библиография
Экземпляры
Тип экземпляра Дата поступления Библиотека постоянного хранения Библиотека текущего хранения Место хранения Шифр хранения Штрих-код Статус экземпляра
Книга 27.01.2022 РНБ (Московский) РНБ (Московский) Русский книжный фонд: издания с 1957 года 92-8/676(вып.5) 1-3580028